000 01088cam a22002054a 4500
005 20250605164041.0
008 250528s ||||||||||||||||||||||||d
035 _a16979
020 _a860918122
040 _aGR-AtMCL
_bgre
_dGR-AtMCL
_eAACR2
245 1 _aClasses
250 _a2nd
260 _bVerso,
_c1987
300 _a344
520 _aThis book presents a complete reformulation of the Marxist concept of social class. Preface, Posing the Problem: The Agenda of Class Analysis, Conceptual Issues, The Biography of a Concept: Contradictory, A General Framework for the Analysis of Class, Implications and Elaboration of the General, Empirical Investigations, Empirical Adjusting Contending Class Definitions, Class Structure in Contemporary Capitalism: A, Class Structure and Class Consciousness in Contemporary Capitalism Society, Conclusion, Appendices, Practical Strategies for Transforming Concepts, Variable Constructions, Full Data for Selected Tables, Bibliography, Index.
700 1 _aWright Erik Olin
_93103
942 _cBK
999 _c2422
_d2422